Ancient Germanic Tribes - Sudden Death - Statistics

General Stats
  • This quiz has been taken 360 times
    353 since last reset
  • The average score is 9 of 20
Answers on the Grid
Answers color-coded by a green-red scale on the quiz's grid according to % correct below.
Alans
Alemanni
Angles
Avars
Baiovarii
Batavi
Belgae
Burgundians
Chatti
Dacians
Dani
Franks
Frisii
Geats
Huns
Illyrians
Jutes
Khazars
Lombards
Marcomanni
Mauri
Ostrogoths
Saxons
Suebi
Suthrogoths
Svea
Thuringii
Vandals
Veneti
Visigoths
 
Answer Stats
Answer % Correct
Alemanni
82%
Angles
75%
Saxons
60%
Franks
57%
Visigoths
53%
Jutes
52%
Ostrogoths
52%
Burgundians
51%
Vandals
50%
Frisii
47%
Lombards
45%
Suebi
41%
Batavi
39%
Thuringii
39%
Marcomanni
31%
Geats
26%
Baiovarii
24%
Chatti
24%
Dani
18%
Svea
16%
No matching quizzes found
Score Distribution
Percent of People with Each Score
Percentile by Number Answered
Your Score History
You have not taken this quiz since the last reset